[Event "GCT 2023 Croazia - Blitz"]
[Site "Zagabria"]
[Date "09.07.2023"]
[Round "B11"]
[White "Lupulescu, Constantin"]
[Black "Saric, Ivan"]
[Result "1/2-1/2"]
[WhiteElo "2584"]
[BlackElo "2657"]
[PlyCount "125"]
[EventDate "2023.??.??"]
[WhiteTeam "ROU"]
[BlackTeam "Croatia"]
[BlackTeamCountry "CRO"]

1. d4 Nf6 2. c4 g6 3. Nc3 Bg7 4. e4 d6 5. Be2 O-O 6. Be3 Na6 7. h3 c6 8. Nf3 e5
9. d5 Nh5 10. g3 f5 11. dxc6 bxc6 12. exf5 gxf5 13. Nxe5 dxe5 14. Qxd8 Rxd8 15.
Bxh5 Nb4 16. Ke2 Ba6 17. b3 e4 18. Rac1 Rd3 19. Na4 Nxa2 20. Nc5 Nxc1+ 21. Rxc1
Rxe3+ 22. fxe3 Bc8 23. Rd1 Bf8 24. Rd8 f4 25. Nd7 Bb7 26. Rxa8 f3+ 27. Kf2 Bxa8
28. Nf6+ Kg7 29. Nxe4 c5 30. Nd2 Bc6 31. Bxf3 Bd7 32. Bg4 Be8 33. Bf5 a5 34.
Bc2 Kg8 35. Kf3 h6 36. g4 Kf7 37. Nb1 Bg7 38. Nd2 Ke6 39. Ke2 Bf8 40. Nf3 Be7
41. Bf5+ Kf6 42. Nd2 a4 43. bxa4 Bxa4 44. Be4 Ke5 45. Kd3 Bd7 46. Nf3+ Kd6 47.
Bf5 Bc6 48. e4 Bf6 49. h4 Bb2 50. g5 hxg5 51. hxg5 Ba4 52. g6 Bd1 53. Ng5 Bh5
54. Ke3 Bc1+ 55. Kd3 Bxg5 56. g7 Bf7 57. Bh7 Bf6 58. g8=Q Bxg8 59. Bxg8 Be5 60.
Bd5 Bf6 61. Bg8 Be5 62. Bd5 Bf6 63. Bg8 1/2-1/2

[Event "GCT 2023 Croazia - Blitz"]
[Site "Zagabria"]
[Date "09.07.2023"]
[Round "B12"]
[White "Nepomniachtchi, Ian"]
[Black "Lupulescu, Constantin"]
[Result "1-0"]
[WhiteElo "2779"]
[BlackElo "2584"]
[PlyCount "79"]
[EventDate "2023.??.??"]
[WhiteTeam "FID"]
[BlackTeam "ROU"]

1. c4 e6 2. Nf3 d5 3. d4 Nf6 4. g3 Bb4+ 5. Bd2 Be7 6. Bg2 c6 7. Qc2 Nbd7 8. O-O
O-O 9. b3 b6 10. Bc3 Bb7 11. Nbd2 c5 12. Rfd1 Rc8 13. Rac1 dxc4 14. Nxc4 cxd4
15. Nxd4 Bxg2 16. Kxg2 Qc7 17. Kg1 a6 18. Bb2 b5 19. Ne3 Qb7 20. Qb1 Nb6 21.
Nf3 Nbd5 22. Nxd5 Nxd5 23. Qe4 Rxc1 24. Rxc1 Rc8 25. Rd1 Qc7 26. Rd2 Bf6 27.
Bxf6 Nxf6 28. Qd4 h6 29. Kg2 Qb7 30. h4 Qc6 31. Qe5 Qb7 32. Rd4 Qc6 33. g4 Nd5
34. g5 Qc7 35. Kg3 hxg5 36. hxg5 g6 37. e4 Qxe5+ 38. Nxe5 Rc3+ 39. f3 Nb4 40.
Rxb4 1-0

[Event "GCT 2023 Croazia - Blitz"]
[Site "Zagabria"]
[Date "09.07.2023"]
[Round "B12"]
[White "Saric, Ivan"]
[Black "Duda, Jan-Krzysztof"]
[Result "1/2-1/2"]
[WhiteElo "2657"]
[BlackElo "2732"]
[PlyCount "83"]
[EventDate "2023.??.??"]
[WhiteTeam "Croatia"]
[BlackTeam "Polonia"]
[WhiteTeamCountry "CRO"]
[BlackTeamCountry "POL"]

1. e4 c6 2. Nf3 d5 3. Nc3 dxe4 4. Nxe4 Nf6 5. Qe2 Nxe4 6. Qxe4 Nd7 7. d4 Nf6 8.
Qf4 Qa5+ 9. Bd2 Qf5 10. Bd3 Qxf4 11. Bxf4 Bg4 12. Ne5 Bh5 13. f3 e6 14. h4 Nd7
15. O-O-O Nxe5 16. dxe5 Bg6 17. h5 Bxd3 18. Rxd3 Rd8 19. Rhd1 Rxd3 20. Rxd3 Be7
21. Be3 b6 22. Kd2 g6 23. h6 g5 24. Rd4 c5 25. Rg4 Rg8 26. f4 Bf8 27. Rxg5 Rxg5
28. fxg5 Kd7 29. c4 Be7 30. Kd3 Kc6 31. Ke4 a6 32. a4 a5 33. Kf4 Kd7 34. Bf2
Ke8 35. Bh4 Kd7 36. g6 fxg6 37. Bxe7 Kxe7 38. Kg5 Kf7 39. Kf4 Ke7 40. Kg5 Kf7
41. Kf4 Ke7 42. Kg5 1/2-1/2

[Event "GCT 2023 Croazia - Blitz"]
[Site "Zagabria"]
[Date "09.07.2023"]
[Round "B12"]
[White "Rapport, Richard"]
[Black "Firouzja, Alireza"]
[Result "1/2-1/2"]
[WhiteElo "2752"]
[BlackElo "2777"]
[PlyCount "190"]
[EventDate "2023.??.??"]
[WhiteTeam "ROU"]
[BlackTeam "Francia"]
[BlackTeamCountry "FRA"]

1. Nf3 c5 2. e3 d5 3. b3 f6 4. d4 cxd4 5. exd4 Nc6 6. c4 e6 7. Bd3 Bd6 8. O-O
Nge7 9. Nc3 O-O 10. Nb5 Bb8 11. Ba3 a6 12. Nc3 Rf7 13. Qc2 g5 14. Rad1 g4 15.
Nh4 Nxd4 16. Qc1 Nec6 17. Rfe1 Kg7 18. cxd5 exd5 19. g3 Be5 20. Ne2 Nxe2+ 21.
Rxe2 Be6 22. Bf5 Qd7 23. Qb1 Kh8 24. h3 gxh3 25. Kh2 Bxf5 26. Qxf5 Qxf5 27.
Nxf5 Rd8 28. f4 Bc3 29. Rxd5 Ra8 30. Rc2 Bb4 31. Bb2 Bf8 32. Re2 Kg8 33. Kxh3
Rc8 34. Rdd2 h5 35. Kh4 Nb4 36. a3 Nc6 37. Kxh5 Na5 38. Rd3 Nc6 39. Kg4 b5 40.
Kf3 a5 41. Rh2 b4 42. a4 Ne7 43. Nd6 Rd8 44. Rh8+ Kg7 45. Rh1 Kg8 46. Rhd1 Rh7
47. Ne4 Rxd3+ 48. Rxd3 Rh2 49. Bxf6 Nc6 50. Kg4 Nb8 51. Be5 Nc6 52. Kf5 Kf7 53.
Rd7+ Ne7+ 54. Kg4 Ke6 55. Ra7 Nc6 56. Ra6 Rc2 57. Bc7 Kd5 58. Nf6+ Kd4 59. Nd7
Be7 60. Ne5 Nxe5+ 61. Bxe5+ Kd3 62. Rxa5 Rc8 63. Ra7 Bc5 64. Rc7 Rxc7 65. Bxc7
Kc2 66. a5 Kxb3 67. Bb6 Kc4 68. Bxc5 Kxc5 69. f5 b3 70. f6 Kd6 71. a6 b2 72. f7
Ke7 73. a7 b1=Q 74. f8=Q+ Kxf8 75. a8=Q+ Ke7 76. Qa7+ Ke6 77. Qa6+ Ke7 78. Qa3+
Ke6 79. Qe3+ Kf6 80. Qg5+ Ke6 81. Qg8+ Kf6 82. Qf8+ Ke6 83. Kg5 Qb5+ 84. Kh4
Qb1 85. g4 Qd3 86. Qe8+ Kf6 87. Qf8+ Kg6 88. Qg8+ Kf6 89. g5+ Ke7 90. Qg7+ Ke8
91. Kh5 Qh3+ 92. Kg6 Qd3+ 93. Kh6 Qh3+ 94. Kg6 Qd3+ 95. Kh6 Qh3+ 1/2-1/2

[Event "GCT 2023 Croazia - Blitz"]
[Site "Zagabria"]
[Date "09.07.2023"]
[Round "B12"]
[White "Caruana, Fabiano"]
[Black "Anand, Viswanathan"]
[Result "1-0"]
[WhiteElo "2782"]
[BlackElo "2754"]
[PlyCount "145"]
[EventDate "2023.??.??"]
[WhiteTeam "Stati Uniti"]
[BlackTeam "India"]
[WhiteTeamCountry "USA"]
[BlackTeamCountry "IND"]

1. e4 e5 2. Nf3 Nc6 3. Bc4 Bc5 4. c3 Nf6 5. d3 d6 6. Nbd2 a6 7. a4 O-O 8. h3
Ba7 9. O-O Re8 10. Re1 Be6 11. Bxe6 Rxe6 12. b4 h6 13. Qc2 Qd7 14. Rb1 b5 15.
Ra1 Ree8 16. Nb3 Bb6 17. Bd2 Ne7 18. c4 bxa4 19. Nc1 a5 20. b5 c6 21. Qxa4 cxb5
22. cxb5 Reb8 23. Ne2 Nc8 24. Reb1 Bc7 25. Be3 d5 26. Ng3 d4 27. Bd2 Rb7 28.
Rc1 Nb6 29. Qb3 a4 30. Qb1 Bd6 31. Nf5 Nc8 32. Nxd6 Qxd6 33. Rc6 Qb8 34. Qc2
Ne7 35. Ra6 Rxb5 36. Rxa8 Qxa8 37. Rxa4 Qb7 38. Qc4 Ng6 39. Bb4 Kh7 40. Kh2 Rb6
41. Bd2 Rc6 42. Qa2 Rc7 43. Ra5 Re7 44. Qa3 Qc6 45. Bb4 Re8 46. Ra7 Kg8 47. Qa2
Qe6 48. Qa4 Nf4 49. Qb5 Ng6 50. Ra6 Qd7 51. Qa5 Qc8 52. Qa2 Qd7 53. Bd6 Re6 54.
Ra8+ Kh7 55. Bb4 Qb5 56. Qa3 Re8 57. Ra5 Qd7 58. Ra7 Qe6 59. Bd2 Re7 60. Ra6
Qd7 61. Qa5 Re8 62. Qb4 Re6 63. Ra1 Qc6 64. Ra7 Kg8 65. Qb3 Qc8 66. Qa2 Qc6 67.
Qa3 Re8 68. Bb4 Qc2 69. Bd2 Qc6 70. Ra6 Qb5 71. Bxh6 Re6 72. Rxe6 fxe6 73. Bd2
1-0

[Event "GCT 2023 Croazia - Blitz"]
[Site "Zagabria"]
[Date "09.07.2023"]
[Round "B13"]
[White "Saric, Ivan"]
[Black "Carlsen, Magnus"]
[Result "0-1"]
[WhiteElo "2657"]
[BlackElo "2835"]
[PlyCount "80"]
[EventDate "2023.??.??"]
[WhiteTeam "Croatia"]
[BlackTeam "Norway"]
[WhiteTeamCountry "CRO"]
[BlackTeamCountry "NOR"]

1. e4 c6 2. d4 d5 3. e5 Bf5 4. Nf3 e6 5. Be2 Ne7 6. O-O h6 7. c3 Nd7 8. Na3 Bh7
9. Nc2 c5 10. dxc5 Nxc5 11. Ncd4 a6 12. Be3 Ng6 13. c4 dxc4 14. Bxc4 Be7 15.
Nb3 Qxd1 16. Rfxd1 Na4 17. Be2 Nxb2 18. Rd2 Na4 19. Na5 b5 20. Nc6 O-O 21. Bd3
Ba3 22. Be4 Nc3 23. Bc2 Rfc8 24. Nfd4 Ne7 25. Bxh7+ Kxh7 26. Nxe7 Bxe7 27. g3
Nd5 28. Rd3 Bb4 29. Rad1 Rc4 30. Kg2 Rac8 31. h4 Bc3 32. Nf3 Ra4 33. Rxd5 exd5
34. Rxd5 Rxa2 35. Rd7 Kg8 36. g4 b4 37. g5 hxg5 38. Nxg5 b3 39. Rb7 b2 40. Ne4
Bxe5 0-1

[Event "GCT 2023 Croazia - Blitz"]
[Site "Zagabria"]
[Date "09.07.2023"]
[Round "B13"]
[White "Duda, Jan-Krzysztof"]
[Black "Nepomniachtchi, Ian"]
[Result "0-1"]
[WhiteElo "2732"]
[BlackElo "2779"]
[PlyCount "90"]
[EventDate "2023.??.??"]
[WhiteTeam "Polonia"]
[BlackTeam "FID"]
[WhiteTeamCountry "POL"]

1. d4 Nf6 2. Nf3 g6 3. Nbd2 Bg7 4. e4 O-O 5. e5 Ne8 6. h4 c5 7. dxc5 Nc6 8. Nc4
b5 9. cxb6 axb6 10. Be3 b5 11. Nb6 Rb8 12. Nxc8 Qxc8 13. c3 b4 14. cxb4 Rxb4
15. Qd2 Qb8 16. b3 Nxe5 17. Nxe5 Bxe5 18. Rc1 Nf6 19. Bd3 Ng4 20. Bc5 Rc8 21.
Bxb4 Rxc1+ 22. Qxc1 Qxb4+ 23. Ke2 Bf4 24. Qb2 Qb6 25. Kf1 h5 26. Qe2 Qf6 27.
Rh3 Qa1+ 28. Qe1 Qxa2 29. Kg1 d5 30. b4 e5 31. Be2 d4 32. Bxg4 hxg4 33. Rd3 Qc4
34. Rd1 g3 35. fxg3 Be3+ 36. Kh2 e4 37. Rb1 Qb5 38. Rb3 Qd5 39. Rb1 Qb5 40. Rb3
Qb6 41. b5 d3 42. Rb4 d2 43. Qf1 Bg1+ 44. Kh1 Qf2 45. Qa1 Qxg3 0-1

[Event "GCT 2023 Croazia - Blitz"]
[Site "Zagabria"]
[Date "09.07.2023"]
[Round "B13"]
[White "Lupulescu, Constantin"]
[Black "Rapport, Richard"]
[Result "0-1"]
[WhiteElo "2584"]
[BlackElo "2752"]
[PlyCount "70"]
[EventDate "2023.??.??"]
[WhiteTeam "ROU"]
[BlackTeam "ROU"]

1. d4 Nf6 2. c4 d6 3. Nc3 e5 4. Nf3 Nbd7 5. e4 g6 6. Be2 Bg7 7. O-O O-O 8. Re1
Re8 9. Bf1 a5 10. Be3 exd4 11. Bxd4 b6 12. Nd2 Nc5 13. f3 Ne6 14. Bf2 Nd7 15.
Rb1 Ndc5 16. Nb3 Be5 17. Nd5 c6 18. Nc3 Qf6 19. Qd2 a4 20. Nxc5 bxc5 21. Ne2 g5
22. b3 axb3 23. axb3 Re7 24. b4 Rea7 25. b5 Ra2 26. Qd1 g4 27. Qd3 cxb5 28.
cxb5 c4 29. Qxc4 gxf3 30. gxf3 Ng5 31. Bg2 Be6 32. Qd3 R8a3 33. Qd1 Nxf3+ 34.
Bxf3 Qxf3 35. b6 Bh3 0-1

[Event "GCT 2023 Croazia - Blitz"]
[Site "Zagabria"]
[Date "09.07.2023"]
[Round "B13"]
[White "Firouzja, Alireza"]
[Black "Caruana, Fabiano"]
[Result "0-1"]
[WhiteElo "2777"]
[BlackElo "2782"]
[PlyCount "146"]
[EventDate "2023.??.??"]
[WhiteTeam "Francia"]
[BlackTeam "Stati Uniti"]
[WhiteTeamCountry "FRA"]
[BlackTeamCountry "USA"]

1. c4 Nf6 2. Nf3 e6 3. g3 d5 4. Bg2 Be7 5. O-O O-O 6. d3 a5 7. Nc3 Nbd7 8. Bf4
c6 9. e4 Nh5 10. Be3 dxe4 11. Nxe4 e5 12. Nxe5 Nxe5 13. Qxh5 Ng4 14. Bc5 f5 15.
Bxe7 Qxe7 16. Qg5 Qb4 17. Nc3 Qxb2 18. Rac1 Bd7 19. h3 Ne5 20. Qe3 Rae8 21. Qd4
Bc8 22. Rce1 Nf7 23. Rb1 Qd2 24. Rfd1 Qh6 25. f4 Qg6 26. Qf2 Rd8 27. Na4 Qf6
28. Nc5 Nd6 29. Re1 Rfe8 30. Kh2 h6 31. Nb3 Qc3 32. Rxe8+ Nxe8 33. Qe1 Qxd3 34.
Nxa5 Nf6 35. Nxb7 Re8 36. Qf1 Qa3 37. c5 Re3 38. Nd6 Ba6 39. Qf2 Re2 40. Qg1
Qxa2 41. Re1 Rd2 42. Nxf5 Bd3 43. Nh4 Be4 44. Kh1 Bd5 45. Qf1 Nh5 46. Kh2 Qb3
47. Re8+ Kf7 48. Qe1 Qxg3+ 49. Qxg3 Nxg3 50. Re5 Ne4 51. Kg1 Nf6 52. Bf1 Rd4
53. Nf5 Rxf4 54. Nd6+ Kg8 55. Re7 Rf3 56. h4 Rc3 57. Kf2 Rxc5 58. Bd3 Rc3 59.
Bg6 Rf3+ 60. Ke2 Rg3 61. h5 Ra3 62. Rc7 Ra8 63. Nf5 Ne8 64. Rb7 Kf8 65. Kd2 Be6
66. Nd4 Bd5 67. Kc3 c5 68. Rd7 cxd4+ 69. Kxd4 Nf6 70. Rc7 Kg8 71. Ke5 Rf8 72.
Bf5 Bf7 73. Ra7 Nxh5 0-1

[Event "GCT 2023 Croazia - Blitz"]
[Site "Zagabria"]
[Date "09.07.2023"]
[Round "B14"]
[White "Rapport, Richard"]
[Black "Duda, Jan-Krzysztof"]
[Result "0-1"]
[WhiteElo "2752"]
[BlackElo "2732"]
[PlyCount "112"]
[EventDate "2023.??.??"]
[WhiteTeam "ROU"]
[BlackTeam "Polonia"]
[BlackTeamCountry "POL"]

1. Nf3 d5 2. g3 b6 3. a4 Bb7 4. Bg2 Nf6 5. O-O e6 6. d3 Be7 7. e4 dxe4 8. Nfd2
O-O 9. Nc3 Nbd7 10. a5 a6 11. axb6 cxb6 12. Ncxe4 Qc7 13. c3 b5 14. Re1 a5 15.
d4 Bd5 16. Nxf6+ Nxf6 17. Bxd5 Nxd5 18. Qe2 Qb7 19. Ne4 Rfc8 20. Bg5 Bf8 21.
Qd3 a4 22. Bd2 h6 23. h4 Ra6 24. Kh2 f5 25. Nc5 Bxc5 26. dxc5 Rxc5 27. Qf3 Qc6
28. Be3 Rc4 29. Bd4 b4 30. Qh5 bxc3 31. bxc3 Nxc3 32. Be5 Nd5 33. Rab1 Ra8 34.
f3 Qd7 35. Kh3 a3 36. Rb3 a2 37. Ra1 Rb4 38. Rd3 Rb1 39. Qg6 Qf7 40. Qxf7+ Kxf7
41. Rd2 Rxa1 42. Bxa1 g5 43. Rb2 Ra7 44. Rb8 Ne3 45. Rh8 g4+ 46. fxg4 fxg4+ 47.
Kh2 Ra5 48. Rxh6 Rf5 49. Rh7+ Ke8 50. Bd4 Rf2+ 51. Kg1 a1=Q+ 52. Bxa1 Rf1+ 53.
Kh2 Rxa1 54. h5 Ra2+ 55. Kg1 Rg2+ 56. Kh1 Rxg3 0-1

[Event "GCT 2023 Croazia - Blitz"]
[Site "Zagabria"]
[Date "09.07.2023"]
[Round "B14"]
[White "Caruana, Fabiano"]
[Black "Lupulescu, Constantin"]
[Result "1-0"]
[WhiteElo "2782"]
[BlackElo "2584"]
[PlyCount "85"]
[EventDate "2023.??.??"]
[WhiteTeam "Stati Uniti"]
[BlackTeam "ROU"]
[WhiteTeamCountry "USA"]

1. e4 c5 2. Nf3 e6 3. b3 a6 4. Bb2 Nc6 5. c4 Qc7 6. h3 b6 7. Be2 Bb7 8. O-O d6
9. d4 cxd4 10. Nxd4 Nf6 11. Nc3 Be7 12. Rc1 Nb8 13. Bd3 Nbd7 14. Qe2 O-O 15.
Bb1 Rfe8 16. f4 Bf8 17. Kh2 e5 18. Nd5 Qd8 19. fxe5 dxe5 20. Nf5 Bxd5 21. cxd5
g6 22. Ne3 h5 23. Rc6 Bh6 24. Nc4 h4 25. Bc1 Bxc1 26. Rxc1 Nh5 27. Qg4 b5 28.
Nd6 Rf8 29. Bd3 Nf4 30. Bf1 Nh5 31. Nb7 Qe7 32. Rc7 Nhf6 33. Qxh4 Kg7 34. Nc5
Rh8 35. Qg5 Rad8 36. Be2 Qe8 37. Nb7 Rb8 38. Nd6 Qd8 39. Nf5+ Kf8 40. Nd6 Kg7
41. Bg4 Nxg4+ 42. Qxg4 Rb6 43. Rxd7 1-0

[Event "GCT 2023 Croazia - Blitz"]
[Site "Zagabria"]
[Date "09.07.2023"]
[Round "B14"]
[White "Nepomniachtchi, Ian"]
[Black "Saric, Ivan"]
[Result "1-0"]
[WhiteElo "2779"]
[BlackElo "2657"]
[PlyCount "79"]
[EventDate "2023.??.??"]
[WhiteTeam "FID"]
[BlackTeam "Croatia"]
[BlackTeamCountry "CRO"]

1. Nf3 d5 2. b3 Bg4 3. Bb2 Bxf3 4. gxf3 e6 5. e3 Nf6 6. c4 c6 7. Nc3 Nbd7 8. d4
g6 9. Bg2 Bg7 10. O-O O-O 11. f4 Re8 12. Rc1 a6 13. Qe2 Nb6 14. Rfd1 Nc8 15.
Na4 Nd6 16. Nc5 Nd7 17. Nd3 Nf5 18. Ne5 Nxe5 19. dxe5 Qh4 20. b4 f6 21. exf6
Bxf6 22. Bxf6 Qxf6 23. a4 Rad8 24. b5 axb5 25. axb5 Nh4 26. Bh1 e5 27. cxd5
exf4 28. dxc6 Rxd1+ 29. Rxd1 fxe3 30. c7 Qg5+ 31. Kf1 Qf5 32. Bd5+ Kf8 33. f3
b6 34. Bc6 Rc8 35. Rd8+ Kg7 36. Rd7+ Kf8 37. Qxe3 Qh3+ 38. Ke2 Qxh2+ 39. Kd3
Nf5 40. Qe6 1-0

[Event "GCT 2023 Croazia - Blitz"]
[Site "Zagabria"]
[Date "09.07.2023"]
[Round "B15"]
[White "Duda, Jan-Krzysztof"]
[Black "Caruana, Fabiano"]
[Result "1-0"]
[WhiteElo "2732"]
[BlackElo "2782"]
[PlyCount "80"]
[EventDate "2023.??.??"]
[WhiteTeam "Polonia"]
[BlackTeam "Stati Uniti"]
[WhiteTeamCountry "POL"]
[BlackTeamCountry "USA"]

1. d4 Nf6 2. Bg5 d5 3. e3 c5 4. c3 Nc6 5. Nd2 cxd4 6. exd4 Bf5 7. Ngf3 e6 8.
Nh4 Bg6 9. Nxg6 hxg6 10. Bd3 Be7 11. Qe2 Nh5 12. Be3 g5 13. g3 g6 14. O-O-O Kf8
15. Kb1 a6 16. Nf3 b5 17. h3 Bf6 18. Qd2 b4 19. cxb4 Qb6 20. Ne5 Kg7 21. Nxc6
Qxc6 22. a3 Qb6 23. Be2 Be7 24. Bxg5 Nf6 25. Qe3 Bd6 26. Bd3 a5 27. b5 Ne4 28.
Bxe4 dxe4 29. a4 Qb7 30. d5 e5 31. Qxe4 Rac8 32. g4 f6 33. Be3 Rh4 34. Rc1 f5
35. Qd3 Rf8 36. Rc6 Qd7 37. gxf5 gxf5 38. Rg1+ Kh7 39. b6 Rxh3 40. Qc2 Bb8 1-0

[Event "GCT 2023 Croazia - Blitz"]
[Site "Zagabria"]
[Date "09.07.2023"]
[Round "B15"]
[White "Firouzja, Alireza"]
[Black "Anand, Viswanathan"]
[Result "1-0"]
[WhiteElo "2777"]
[BlackElo "2754"]
[PlyCount "79"]
[EventDate "2023.??.??"]
[WhiteTeam "Francia"]
[BlackTeam "India"]
[WhiteTeamCountry "FRA"]
[BlackTeamCountry "IND"]

1. c4 e5 2. d3 Nf6 3. Nf3 Nc6 4. a3 d5 5. cxd5 Nxd5 6. e3 Bd6 7. Be2 O-O 8. O-O
Re8 9. b3 Be6 10. Bb2 a5 11. Nbd2 Qe7 12. Nc4 f6 13. Rc1 Qf7 14. Nfd2 Bf8 15.
Ne4 Nb8 16. Bh5 g6 17. Bf3 Nd7 18. d4 b5 19. dxe5 bxc4 20. bxc4 N5b6 21. exf6
h6 22. c5 Nd5 23. Qd4 Rad8 24. Rfd1 Nb8 25. h4 Nc6 26. Qa4 Na7 27. Qxa5 Ra8 28.
Qa4 Reb8 29. Qc2 Nb5 30. Rxd5 Bxd5 31. Ng5 Bb3 32. Nxf7 Bxc2 33. Bd5 c6 34.
Bxc6 Bb3 35. Bxa8 Kxf7 36. Bf3 Be6 37. a4 Na7 38. Bd4 Nc8 39. a5 Rb4 40. a6 1-0

[Event "GCT 2023 Croazia - Blitz"]
[Site "Zagabria"]
[Date "09.07.2023"]
[Round "B15"]
[White "Saric, Ivan"]
[Black "Rapport, Richard"]
[Result "0-1"]
[WhiteElo "2657"]
[BlackElo "2752"]
[PlyCount "50"]
[EventDate "2023.??.??"]
[WhiteTeam "Croatia"]
[BlackTeam "ROU"]
[WhiteTeamCountry "CRO"]

1. e4 Nf6 2. e5 Nd5 3. d4 d6 4. Nf3 dxe5 5. Nxe5 c6 6. a3 g6 7. c4 Nc7 8. Nc3
Bg7 9. Be3 O-O 10. f4 c5 11. dxc5 Nd7 12. Nxd7 Bxd7 13. Rc1 e5 14. Be2 exf4 15.
Bxf4 Ne6 16. Bd6 Bd4 17. Nd5 Re8 18. Rc3 Bc6 19. Rf3 Bxd5 20. cxd5 Nxc5 21.
Qxd4 Qxd6 22. Rf6 Nb3 23. Qc3 Qxd5 24. O-O Rxe2 25. Rxf7 Qxg2# 0-1

[Event "GCT 2023 Croazia - Blitz"]
[Site "Zagabria"]
[Date "09.07.2023"]
[Round "B16"]
[White "Caruana, Fabiano"]
[Black "Saric, Ivan"]
[Result "1/2-1/2"]
[WhiteElo "2782"]
[BlackElo "2657"]
[PlyCount "199"]
[EventDate "2023.??.??"]
[WhiteTeam "Stati Uniti"]
[BlackTeam "Croatia"]
[WhiteTeamCountry "USA"]
[BlackTeamCountry "CRO"]

1. c4 c6 2. d4 d5 3. Nf3 Nf6 4. e3 Bg4 5. Nc3 e6 6. h3 Bh5 7. cxd5 cxd5 8. Qa4+
Nfd7 9. Bd2 Nc6 10. Bb5 Qb6 11. g4 Bg6 12. Nh4 Be7 13. Nxg6 hxg6 14. Qb3 Rc8
15. Be2 Qc7 16. Qd1 a6 17. Kf1 g5 18. Rc1 Nf8 19. Bd3 Rh6 20. Na4 e5 21. dxe5
Qxe5 22. Bc3 d4 23. Bxd4 Qd5 24. f3 Rd8 25. Be4 Qxa2 26. Bxc6+ Rxc6 27. Rxc6
bxc6 28. Qc2 Ne6 29. Bb6 Qd5 30. Ke2 Rb8 31. Kf2 Qb5 32. Bd4 Nxd4 33. exd4 Rd8
34. Rd1 Kf8 35. Nc3 Qb4 36. Ne2 Bf6 37. Qc3 a5 38. Qxb4+ axb4 39. b3 Ra8 40.
Ke3 Ra2 41. Rd2 Ra1 42. Rc2 Rb1 43. Nc1 Ke7 44. Kd3 Kd7 45. Kc4 Be7 46. Nd3 Rf1
47. Rf2 Rh1 48. Ne5+ Kc7 49. Rc2 f6 50. Nd3 Rxh3 51. Rf2 Rh1 52. Re2 Kd7 53.
Ra2 Rf1 54. Rf2 Ra1 55. d5 cxd5+ 56. Kxd5 Ra5+ 57. Kc4 Ra7 58. Re2 Rc7+ 59. Kd4
Rc3 60. Rb2 Bd6 61. Ke4 Ke6 62. Rb1 g6 63. Kd4 Be5+ 64. Ke3 f5 65. gxf5+ gxf5
66. Kd2 Bd6 67. Rg1 Rxb3 68. Rxg5 Ra3 69. Rg8 Ra2+ 70. Ke3 Kd5 71. Rc8 b3 72.
Rc3 f4+ 73. Nxf4+ Bxf4+ 74. Kxf4 b2 75. Rb3 Kc4 76. Rb8 Ra4 77. Rxb2 Kc3+ 78.
Ke5 Kxb2 79. f4 Kc3 80. f5 Ra5+ 81. Ke6 Kd4 82. f6 Ra6+ 83. Ke7 Ke5 84. f7 Ra7+
85. Ke8 Ke6 86. f8=N+ Kd6 87. Ng6 Rg7 88. Nf8 Re7+ 89. Kd8 Re4 90. Ng6 Rg4 91.
Nf8 Rg7 92. Ke8 Re7+ 93. Kd8 Ra7 94. Ke8 Rb7 95. Ng6 Ke6 96. Nf8+ Kf6 97. Nd7+
Kf5 98. Ke7 Ra7 99. Kd6 Rxd7+ 100. Kxd7 1/2-1/2

[Event "GCT 2023 Croazia - Blitz"]
[Site "Zagabria"]
[Date "09.07.2023"]
[Round "B16"]
[White "Carlsen, Magnus"]
[Black "Firouzja, Alireza"]
[Result "0-1"]
[WhiteElo "2835"]
[BlackElo "2777"]
[PlyCount "192"]
[EventDate "2023.??.??"]
[WhiteTeam "Norway"]
[BlackTeam "Francia"]
[WhiteTeamCountry "NOR"]
[BlackTeamCountry "FRA"]

1. Nf3 c5 2. c3 d5 3. d4 cxd4 4. cxd4 Nf6 5. Nc3 Nc6 6. Bf4 Nh5 7. Bd2 e6 8.
Bg5 f6 9. Bd2 f5 10. e3 Nf6 11. Bb5 Bd7 12. O-O Bd6 13. Bxc6 Bxc6 14. Ne5 O-O
15. Ne2 Bb5 16. Re1 Bxe5 17. dxe5 Ng4 18. h3 Bxe2 19. Rxe2 Nxe5 20. Bc3 Nc6 21.
Rc1 Qd6 22. b4 a6 23. a4 Rac8 24. Rec2 Ne7 25. Qd4 Rf7 26. b5 Rc4 27. Qa7 axb5
28. axb5 Ng6 29. Bd4 Rxc2 30. Rxc2 h6 31. Rc8+ Kh7 32. b6 f4 33. Qb8 Qxb8 34.
Rxb8 e5 35. Bc5 fxe3 36. fxe3 Rd7 37. Rc8 d4 38. Rc7 Rd5 39. exd4 exd4 40. Bb4
Rb5 41. Bc5 Nf4 42. Bd6 Ne6 43. Rxb7 d3 44. Rd7 Rd5 45. b7 d2 46. b8=Q d1=Q+
47. Kh2 Rd2 48. Qb7 Rxd6 49. Qe4+ Kg8 50. Re7 Nf8 51. Qc4+ Qd5 52. Qg4 Rg6 53.
Qe2 Qd6+ 54. Kh1 Re6 55. Rxe6 Qxe6 56. Qb2 Qf6 57. Qb3+ Kh7 58. Qc2+ Ng6 59.
Kg1 Qd4+ 60. Kh2 Qe5+ 61. Kh1 h5 62. Kg1 h4 63. Kh1 Kh6 64. Qc6 Qe1+ 65. Kh2
Qe5+ 66. Kh1 Qf6 67. Qc1+ Nf4 68. Qe3 Kg5 69. Qc5+ Kg6 70. Qc2+ Qf5 71. Qc6+
Kh7 72. Qf3 Qe5 73. Qf2 g5 74. Qc2+ Kg7 75. Qd2 Ng6 76. Qd7+ Qe7 77. Qd4+ Kh6
78. Qa1 Nf4 79. Qh8+ Kg6 80. Qg8+ Kf6 81. Qh8+ Kf5 82. Qc8+ Qe6 83. Qc5+ Kg6
84. Qc2+ Kh6 85. Qc3 Qd6 86. Qa1 Kg6 87. Qb1+ Kf6 88. Qa1+ Kf5 89. Qb1+ Qd3 90.
Qc1 Qe4 91. Qc8+ Ke5 92. Qe8+ Kd4 93. Qd8+ Qd5 94. Qb6+ Kc4 95. Qc7+ Kd3 96.
Qh7+ Kd2 0-1

[Event "GCT 2023 Croazia - Blitz"]
[Site "Zagabria"]
[Date "09.07.2023"]
[Round "B16"]
[White "Anand, Viswanathan"]
[Black "Lupulescu, Constantin"]
[Result "1/2-1/2"]
[WhiteElo "2754"]
[BlackElo "2584"]
[PlyCount "93"]
[EventDate "2023.??.??"]
[WhiteTeam "India"]
[BlackTeam "ROU"]
[WhiteTeamCountry "IND"]

1. e4 c5 2. Nf3 e6 3. d4 cxd4 4. Nxd4 Nf6 5. Nc3 Nc6 6. a3 Be7 7. Be3 O-O 8.
Be2 d6 9. Qd2 e5 10. Nb3 Nxe4 11. Nxe4 d5 12. Nc3 d4 13. Rd1 dxe3 14. Qxe3 Qe8
15. Nb5 Bd8 16. Nd6 Qe7 17. Nxc8 Rxc8 18. O-O Bb6 19. Qd3 Rcd8 20. Qc4 g6 21.
Bf3 Nd4 22. Nxd4 Bxd4 23. c3 Bc5 24. Rd5 Rxd5 25. Bxd5 b6 26. b4 Bd6 27. Rd1
Qc7 28. Qxc7 Bxc7 29. Bb3 Rd8 30. Rxd8+ Bxd8 31. Kf1 Kf8 32. Ke2 Ke7 33. Bd5 a5
34. g4 h5 35. h3 hxg4 36. hxg4 f5 37. gxf5 gxf5 38. f3 Kd6 39. Bb3 axb4 40.
cxb4 Bg5 41. a4 Bc1 42. Bc2 Ba3 43. Bxf5 Bxb4 44. Be4 Ba5 45. Bf5 Bb4 46. Be4
Ba5 47. Bf5 1/2-1/2

[Event "GCT 2023 Croazia - Blitz"]
[Site "Zagabria"]
[Date "09.07.2023"]
[Round "B16"]
[White "Rapport, Richard"]
[Black "Nepomniachtchi, Ian"]
[Result "1/2-1/2"]
[WhiteElo "2752"]
[BlackElo "2779"]
[PlyCount "105"]
[EventDate "2023.??.??"]
[WhiteTeam "ROU"]
[BlackTeam "FID"]

1. Nf3 g6 2. e4 Bg7 3. d4 d6 4. Be2 Nf6 5. Nc3 a6 6. O-O O-O 7. Re1 Nc6 8. d5
Na7 9. a4 e6 10. dxe6 Bxe6 11. Nd4 Bd7 12. Bg5 h6 13. Bh4 Nc6 14. Nxc6 Bxc6 15.
Bc4 Qd7 16. f3 Rae8 17. Qd2 Kh7 18. b4 b5 19. axb5 axb5 20. Bd3 Nh5 21. Bf2 Nf4
22. Ra7 Be5 23. Be3 Ne6 24. Nd5 Bxd5 25. exd5 Nf4 26. Bf1 g5 27. Rb7 Qc8 28.
Rxb5 Kg7 29. Ra5 Qf5 30. Bf2 Qf6 31. Re4 Re7 32. Ra3 Rfe8 33. Rae3 Qg6 34. g3
Nh5 35. Re1 Nf6 36. Rc4 Qf5 37. Kg2 g4 38. f4 Bb2 39. Rxe7 Rxe7 40. c3 Qxd5+
41. Qxd5 Nxd5 42. Bd4+ f6 43. Kf2 Bc1 44. Bg2 Be3+ 45. Kf1 Nb6 46. Bxb6 Bxb6
47. Re4 Rxe4 48. Bxe4 h5 49. c4 Bd4 50. b5 Bb6 51. Bd5 Bc5 52. Be4 Bb6 53. Bd5
1/2-1/2

[Event "GCT 2023 Croazia - Blitz"]
[Site "Zagabria"]
[Date "09.07.2023"]
[Round "B17"]
[White "Lupulescu, Constantin"]
[Black "Firouzja, Alireza"]
[Result "0-1"]
[WhiteElo "2584"]
[BlackElo "2777"]
[PlyCount "116"]
[EventDate "2023.??.??"]
[WhiteTeam "ROU"]
[BlackTeam "Francia"]
[BlackTeamCountry "FRA"]

1. d4 Nf6 2. c4 g6 3. Nc3 Bg7 4. e4 d6 5. Be2 O-O 6. Be3 Nc6 7. d5 Ne5 8. h3 e6
9. Nf3 Nxf3+ 10. Bxf3 a5 11. O-O Nd7 12. Qd2 Nc5 13. dxe6 fxe6 14. Be2 b6 15.
Bh6 Bxh6 16. Qxh6 Bb7 17. Qe3 Qh4 18. f4 e5 19. fxe5 dxe5 20. Nd5 Bxd5 21. exd5
e4 22. Bg4 Qe7 23. b3 Qe5 24. h4 h5 25. Bh3 Kg7 26. Rae1 Rae8 27. g3 Nd3 28.
Rxf8 Rxf8 29. Rf1 Rxf1+ 30. Bxf1 Nb4 31. Bg2 Nxa2 32. Qxe4 Qf6 33. Qe3 Nb4 34.
Kh2 Na6 35. Bf3 Nc5 36. Bd1 Nd7 37. Kg2 Kf8 38. Bc2 Ne5 39. Bd1 Ke7 40. c5 Kd8
41. d6 bxc5 42. dxc7+ Kxc7 43. Qxc5+ Qc6+ 44. Qxc6+ Kxc6 45. Kf2 Kc5 46. Ke3
Kb4 47. Kf4 Nd3+ 48. Kg5 Nc5 49. Bf3 Nxb3 50. Bc6 Nd4 51. Be8 Nb5 52. Bxg6 a4
53. g4 a3 54. Bf7 Nd6 55. Ba2 Ne4+ 56. Kf4 Nc3 57. Be6 Kc5 58. gxh5 Nd5+ 0-1